000 01429cam a22003014a 4500
999 _c126290
_d126290
001 12519775
003 ARRUPE
005 20170322140650.0
008 010830s2002 enka b 001 0 eng
010 _a 2001043655
020 _a0521808979
020 _a0521005256 (pbk.)
040 _aDLC
_cDLC
_dDLC
042 _apcc
050 0 0 _aB1873
_b.G38 2002
082 0 0 _a194
_221
100 1 _aGaukroger, Stephen.
_97642
245 1 0 _aDescartes' system of natural philosophy /
_cStephen Gaukroger.
260 _aCambridge, UK ;
_aNew York, NY :
_bCambridge University Press,
_c2002.
300 _aviii, 258 p. :
_bill. ;
_c24 cm.
504 _aIncludes bibliographical references (p. 247-254) and index.
600 1 0 _aDescartes, René,
_d1596-1650.
_94894
906 _a7
_bcbc
_corignew
_d1
_eocip
_f20
_gy-gencatlg
942 _2lcc
_cMONOGRAPH